| 000 | 00519nam a2200181Ia 4500 | ||
|---|---|---|---|
| 008 | 131103s9999 xx 000 0 und d | ||
| 040 | _aLoreto College | ||
| 041 | _aEnglish | ||
| 082 |
_a821.47/TIL _bLCLIB(Press)/773 |
||
| 100 | _aTillyard, E M W | ||
| 245 |
_aStudies in Milton _cE M W Tillyard |
||
| 260 |
_aLondon _bChatto & Windus _c1955 |
||
| 300 |
_avii,176p. _c 20cm. |
||
| 650 | _aMilton - Criticism & interpretations | ||
| 651 | _aEnglish poetry - criticism | ||
| 850 | _aLCLIB/821.47/TIL | ||
| 942 | _cBK | ||
| 999 |
_c24644 _d75123 |
||